| 000 | 01344nam0a22003011 4500 | ||
|---|---|---|---|
| 001 | rc\3418990 | ||
| 005 | 20130115140944.5 | ||
| 021 |
_aRU _b[71-62216] |
||
| 035 | _a(NLR Aleph) 007581500 | ||
| 090 |
_a5513446 _c5513446 |
||
| 100 | _a20130115d1971 |||y0rusy50 ca | ||
| 101 | 0 | _arus | |
| 102 | _aRU | ||
| 105 | _aa z ||||| | ||
| 200 | 1 |
_aИсследование и расчет валковых нагнетателей бараночного теста _eОбзор _fЦентр. науч.-исслед. ин-т информации и техн.-экон. исследований пищевой пром-сти М-ва пищевой пром-сти СССР |
|
| 210 |
_aМосква _cБ. и. _d1971 |
||
| 215 |
_a24 с. _cчерт. _d21 |
||
| 300 | _aПеред загл. авт.: В.В. Гортинский, С.А. Мачихин, В.А. Панфилов | ||
| 300 | _aНа обл. авт. не указаны | ||
| 606 |
_aБараночное производство _xМеханизация _2psbo |
||
| 700 | 1 |
_aГортинский _bВ. В. _gВладимир Владимирович |
|
| 701 | 1 |
_aМачихин _bС. А. |
|
| 701 | 1 |
_aПанфилов _bВ. А. _gВиктор Александрович |
|
| 801 | 0 |
_aRU _bNLR _gpsbo |
|
| 801 | 1 |
_aRU _bELAR _2rusmarc |
|
| 852 |
_aNLR _j71-4/12464 |
||
| 942 | _cBOOK | ||
| 980 | _aNB | ||